[Event "33rd Leon Blitz Open 2020"]
[Site "chess.com INT"]
[Date "2020.07.14"]
[Round "7"]
[White "Khanin, Semen"]
[Black "Matlakov, Maxim"]
[Result "1-0"]
[WhiteTitle "IM"]
[BlackTitle "GM"]
[WhiteElo "2482"]
[BlackElo "2685"]
[WhiteFideId "4111990"]
[BlackFideId "4168003"]
[EventDate "2020.07.14"]
[EventType "blitz"]

1. e4 e5 2. Nf3 Nc6 3. Bb5 a6 4. Ba4 Nf6 5. O-O Be7 6. d3 d6 7. c4 O-O 8. Nc3
Bg4 9. h3 Bxf3 10. Qxf3 Nd4 11. Qd1 Nd7 12. Be3 Nc5 13. Bxd4 exd4 14. Ne2 Bf6
15. b4 Nxa4 16. Qxa4 g6 17. Qb3 Re8 18. a4 Qd7 19. b5 a5 20. Rab1 Bg7 21. Nf4
Qd8 22. Qc2 Be5 23. Nd5 Rb8 24. b6 c6 25. Nc7 Re7 26. f4 Bg7 27. Qd2 f5 28. exf5
gxf5 29. Qxa5 Re3 30. Qxf5 Qe7 31. Qg4 Rxd3 32. f5 Kh8 33. f6 Bxf6 34. Qf5 Qe3+
35. Kh1 Be5 36. Rf3 Rb3 1-0

[Event "33rd Leon Blitz Open 2020"]
[Site "chess.com INT"]
[Date "2020.07.14"]
[Round "7"]
[White "Zverev, Lev"]
[Black "Li, Hui"]
[Result "1/2-1/2"]
[WhiteTitle "CM"]
[BlackTitle "CM"]
[WhiteElo "2087"]
[BlackElo "1985"]
[WhiteFideId "24250775"]
[BlackFideId "15400310"]
[EventDate "2020.07.14"]
[EventType "blitz"]

1. f4 e5 2. fxe5 d6 3. exd6 Bxd6 4. Nf3 Nf6 5. g3 O-O 6. Bg2 c5 7. O-O Nc6 8. c4
Be6 9. b3 Nd7 10. Bb2 Nde5 11. Nc3 Nxf3+ 12. Bxf3 Bh3 13. Bg2 Bxg2 14. Kxg2 Be5
15. Qc2 Nd4 16. Qd3 Nc6 17. Qxd8 Raxd8 18. Rad1 g6 19. a3 f5 20. Na4 Bxb2 21.
Nxb2 Nd4 22. b4 cxb4 23. axb4 Nxe2 24. Rf2 Nd4 25. Nd3 Nc6 26. Nc5 Rfe8 27. b5
Ne5 28. Nxb7 Rb8 29. Nd6 Red8 30. c5 Nf7 31. Nxf7 Kxf7 32. d4 Rxb5 33. Rc2 Ke6
34. c6 Rc8 35. c7 Kd7 36. Rdc1 Rb7 37. Ra2 Rbxc7 38. Rca1 Ke6 39. Ra5 Rd8 40.
Ra6+ Rd6 41. Rxa7 Rxa7 42. Rxa7 Rxd4 43. Rxh7 Rd2+ 44. Kf3 Kf6 45. h4 Ra2 46.
Rb7 Ra3+ 47. Kf4 Ra4+ 48. Kf3 Ra3+ 49. Kf2 Ra2+ 50. Kf3 Ra3+ 1/2-1/2

[Event "33rd Leon Blitz Open 2020"]
[Site "chess.com INT"]
[Date "2020.07.14"]
[Round "7"]
[White "Djukic, Nikola"]
[Black "Nikitenko, Mihail"]
[Result "1-0"]
[WhiteTitle "GM"]
[BlackTitle "IM"]
[WhiteElo "2525"]
[BlackElo "2436"]
[WhiteFideId "922412"]
[BlackFideId "13506862"]
[EventDate "2020.07.14"]
[EventType "blitz"]

1. e4 c6 2. d4 d5 3. e5 c5 4. Nf3 Nc6 5. c4 cxd4 6. cxd5 Qxd5 7. Nc3 Qa5 8. Nxd4
Qxe5+ 9. Be3 Nf6 10. Nxc6 bxc6 11. Qa4 Bd7 12. O-O-O e6 13. Ba6 Bc5 14. Rhe1
Bxe3+ 15. Rxe3 Qc7 16. Rg3 Nd5 17. Qd4 Qf4+ 18. Qxf4 Nxf4 19. Rxg7 Nd5 20. Ne4
Ke7 21. Be2 Rag8 22. Rxg8 Rxg8 23. g3 f5 24. Nc5 Kd6 25. Nd3 Rb8 26. f4 Be8 27.
Ne5 Rb4 28. Bf3 Kc7 29. b3 a5 30. Nd3 Rd4 31. Nc5 Rxd1+ 32. Kxd1 Nc3+ 33. Kd2
Nxa2 34. Nxe6+ Kd6 35. Nd4 Bd7 36. Be2 Nb4 37. Bc4 c5 38. Nb5+ Ke7 39. Nc7 Nc6
40. Nd5+ Kd6 41. Nf6 Be6 42. Bxe6 Kxe6 43. Nxh7 Nd4 44. Kc3 Nf3 45. Ng5+ Nxg5
46. fxg5 1-0

[Event "33rd Leon Blitz Open 2020"]
[Site "chess.com INT"]
[Date "2020.07.14"]
[Round "7"]
[White "Le Goff, Ronan"]
[Black "Villalba, Marcelo"]
[Result "1/2-1/2"]
[WhiteTitle "FM"]
[BlackTitle "IM"]
[WhiteElo "2267"]
[BlackElo "2258"]
[WhiteFideId "612073"]
[BlackFideId "3701859"]
[EventDate "2020.07.14"]
[EventType "blitz"]

1. d4 Nf6 2. Nf3 g6 3. e3 Bg7 4. Be2 O-O 5. O-O d6 6. b3 c5 7. Bb2 b6 8. c4 Bb7
9. Nc3 a6 10. d5 e6 11. e4 exd5 12. exd5 Nbd7 13. Re1 Qc7 14. h3 Ne4 15. Qc2
Nxc3 16. Bxc3 Bxc3 17. Qxc3 Rae8 18. Bf1 Qd8 19. a4 a5 20. Rxe8 Rxe8 21. Re1
Rxe1 22. Qxe1 Kf8 23. Qe3 Qe7 24. Qh6+ Kg8 25. Ng5 Nf8 26. h4 Bc8 27. h5 Qe5 28.
hxg6 hxg6 29. Qh4 Bf5 30. Nf3 Qe8 31. Qf6 Qd7 32. Ne1 Nh7 33. Qc3 Qe7 34. Bd3
Bxd3 35. Nxd3 Nf6 36. Qe1 Qxe1+ 37. Nxe1 Ne4 38. Nf3 g5 39. g4 Kg7 40. Kf1 f5
41. gxf5 Kf6 42. Ke2 Kxf5 43. Ke3 Nf6 44. Nd2 Ng4+ 45. Kf3 Ne5+ 46. Ke3 Ng4+ 47.
Kf3 Nf6 48. Ke3 Ke5 49. Nf3+ Kf5 50. Nd2 1/2-1/2

[Event "33rd Leon Blitz Open 2020"]
[Site "chess.com INT"]
[Date "2020.07.14"]
[Round "7"]
[White "Starozhilov, Leonid"]
[Black "Mohammad, Nubairshah Shaikh"]
[Result "0-1"]
[BlackTitle "IM"]
[WhiteElo "2318"]
[BlackElo "2445"]
[WhiteFideId "14106752"]
[BlackFideId "5053196"]
[EventDate "2020.07.14"]
[EventType "blitz"]

1. c4 c6 2. Nf3 d5 3. e3 Nf6 4. b3 Bg4 5. Bb2 Nbd7 6. Be2 e6 7. O-O Bd6 8. Nc3
O-O 9. d4 Rc8 10. Rc1 Re8 11. h3 Bh5 12. Nd2 Bg6 13. Bf3 a6 14. Re1 h6 15. e4
dxe4 16. Ndxe4 Bf4 17. Ra1 Qa5 18. Nxf6+ Nxf6 19. Ne4 Nxe4 20. Bxe4 Bxe4 21.
Rxe4 Bb8 22. Qf3 b5 23. Bc3 Qc7 24. g3 Qd7 25. Rae1 Bd6 26. d5 cxd5 27. cxd5 Bf8
28. dxe6 Rxe6 29. Rxe6 fxe6 30. Rd1 Qc6 31. Qxc6 Rxc6 32. Ba5 Kf7 33. Rd2 e5 34.
Kg2 Ke6 35. Re2 Kd5 36. g4 Bc5 37. Bd8 e4 38. Bh4 Kd4 39. Rc2 Kd3 40. Rc1 Kd2
41. Rb1 Bd4 42. Rf1 Rc2 43. a4 b4 44. Bg3 Rb2 45. Bf4+ Kc3 46. Rc1+ Rc2 47. Rd1
Rxf2+ 48. Kg3 Rf3+ 49. Kh4 Rxf4 50. Kh5 e3 0-1

[Event "33rd Leon Blitz Open 2020"]
[Site "chess.com INT"]
[Date "2020.07.14"]
[Round "7"]
[White "Hejazipour, Mitra"]
[Black "Golubev, Mikhail"]
[Result "0-1"]
[WhiteTitle "WGM"]
[BlackTitle "GM"]
[WhiteElo "2300"]
[BlackElo "2461"]
[WhiteFideId "12505951"]
[BlackFideId "14100983"]
[EventDate "2020.07.14"]
[EventType "blitz"]

1. Nf3 d6 2. b3 e5 3. Bb2 Nd7 4. g3 g6 5. Bg2 Bg7 6. O-O Ngf6 7. d4 e4 8. Nfd2
Qe7 9. c4 e3 10. fxe3 Ng4 11. Rf3 Nxe3 12. Qc1 Nxg2 13. Kxg2 Qxe2+ 14. Rf2 Qe7
15. Nc3 O-O 16. Nd5 Qd8 17. Qc2 b5 18. Raf1 Bb7 19. Ne4 Bxd5 20. cxd5 Nb6 21.
Qc6 Qe8 22. Nf6+ Bxf6 23. Rxf6 Qxc6 24. dxc6 Nd5 25. R6f3 Rae8 26. Kf2 f5 27.
Bc1 Re4 28. Rd3 Rfe8 29. Bd2 Re2+ 30. Kg1 h5 31. b4 R8e4 32. a4 a6 33. axb5 axb5
34. Ra1 h4 35. Ra5 h3 36. Rxb5 Rg2+ 37. Kf1 Nf6 38. Rb7 Re7 39. Bg5 Ree2 40.
Bxf6 Ra2 41. d5 Rxh2 42. Bd4 Rh1+ 43. Bg1 h2 0-1

[Event "33rd Leon Blitz Open 2020"]
[Site "chess.com INT"]
[Date "2020.07.14"]
[Round "7"]
[White "Mekhitarian, Krikor Sevag"]
[Black "Bodnar, Nikolay"]
[Result "0-1"]
[WhiteTitle "GM"]
[BlackTitle "IM"]
[WhiteElo "2554"]
[BlackElo "2424"]
[WhiteFideId "2107660"]
[BlackFideId "14106469"]
[EventDate "2020.07.14"]
[EventType "blitz"]

1. e4 e5 2. Bc4 Nf6 3. d3 Nc6 4. Nc3 Bc5 5. f4 d5 6. exd5 Nd4 7. Nf3 Bg4 8. fxe5
Nd7 9. Bf4 Bxf3 10. gxf3 Qh4+ 11. Bg3 Qh5 12. O-O b5 13. Ne4 bxc4 14. Nxc5 Nxc5
15. dxc4 Nf5 16. Bf2 Qg5+ 17. Kh1 Ne3 18. Bxe3 Qxe3 19. Qe1 Qd4 20. b3 O-O 21.
Rd1 Qf4 22. Qg3 Qf5 23. Rd2 Rae8 24. Re2 Re7 25. Rfe1 Rfe8 26. f4 a5 27. h3 Nd7
28. Qg4 Qxg4 29. hxg4 g5 30. e6 fxe6 31. dxe6 Nf6 32. f5 Nxg4 33. Kg2 Kg7 34.
Kg3 h5 35. Rf1 Kf6 36. Rd2 Ne3 37. Rf3 Nxf5+ 38. Kg2 0-1

[Event "33rd Leon Blitz Open 2020"]
[Site "chess.com INT"]
[Date "2020.07.14"]
[Round "7"]
[White "Srdanovic, Jovana"]
[Black "Manolache, Marius"]
[Result "0-1"]
[WhiteTitle "WFM"]
[BlackTitle "GM"]
[WhiteElo "2070"]
[BlackElo "2541"]
[WhiteFideId "954810"]
[BlackFideId "1201530"]
[EventDate "2020.07.14"]
[EventType "blitz"]

1. d4 Nf6 2. c4 e6 3. Nc3 c5 4. d5 exd5 5. cxd5 d6 6. e4 Be7 7. f4 O-O 8. Nf3
Bg4 9. h3 Bxf3 10. Qxf3 Nbd7 11. Bd3 a6 12. a4 Qc7 13. O-O c4 14. Bc2 b5 15.
axb5 axb5 16. Be3 b4 17. Nb5 Qb7 18. Nd4 b3 19. Rxa8 Rxa8 20. Bb1 Bd8 21. Nf5
Ne8 22. Bd4 Bb6 23. Kh2 Bxd4 24. Nxd4 Qb6 25. Nf5 g6 26. Nh6+ Kg7 27. Ng4 Qd4
28. f5 Ne5 29. f6+ Kh8 30. Qf4 Nxg4+ 31. hxg4 Qe5 32. Qxe5 dxe5 33. Rc1 Nd6 34.
g5 h6 35. Kh3 hxg5 36. Kg4 Ra1 37. Kf3 Kg8 38. g4 Kf8 39. Ke3 Ke8 40. Kd2 Kd7
41. Ke3 Ne8 42. Rf1 Ra6 43. Kd2 Rxf6 0-1

[Event "33rd Leon Blitz Open 2020"]
[Site "chess.com INT"]
[Date "2020.07.14"]
[Round "7"]
[White "Shimanov, Aleksandr"]
[Black "Jaracz, Pawel"]
[Result "1-0"]
[WhiteTitle "GM"]
[BlackTitle "GM"]
[WhiteElo "2593"]
[BlackElo "2456"]
[WhiteFideId "4198603"]
[BlackFideId "1102222"]
[EventDate "2020.07.14"]
[EventType "blitz"]

1. d4 d5 2. Nf3 Nf6 3. Bg5 e6 4. e3 Be7 5. Nbd2 c5 6. c3 Nbd7 7. Bd3 h6 8. Bf4
Nh5 9. h4 Nxf4 10. exf4 Qb6 11. Rb1 Bd6 12. g3 cxd4 13. cxd4 Nb8 14. O-O Nc6 15.
Nb3 Nb4 16. Ne5 Bxe5 17. fxe5 Bd7 18. Be2 Ba4 19. Qd2 Bxb3 20. axb3 O-O 21. Rfd1
Rfc8 22. Rbc1 Rc6 23. Rc3 Rac8 24. Rf3 Rc2 25. Qe3 Rxb2 26. g4 Rcc2 27. Bf1 Nc6
28. g5 hxg5 29. hxg5 Ne7 30. Bd3 Nf5 31. Qf4 g6 32. Bxc2 Rxc2 33. Rh3 Qd8 34.
Kg2 Qb6 35. Qh2 Kf8 36. Rh8+ Ke7 37. Ra8 Ne3+ 38. Kg1 Qxd4 39. Re8+ Kd7 40. Rd8+
Kc7 41. Rc8+ Kb6 42. Rxd4 Rxc8 43. fxe3 Rc1+ 1-0

[Event "33rd Leon Blitz Open 2020"]
[Site "chess.com INT"]
[Date "2020.07.14"]
[Round "7"]
[White "Efimenko, Zahar"]
[Black "Korobov, Anton"]
[Result "0-1"]
[WhiteTitle "GM"]
[BlackTitle "GM"]
[WhiteElo "2602"]
[BlackElo "2688"]
[WhiteFideId "14107201"]
[BlackFideId "14105730"]
[EventDate "2020.07.14"]
[EventType "blitz"]

1. Nf3 Nf6 2. g3 b5 3. Na3 a6 4. c4 e6 5. cxb5 Bxa3 6. bxa3 axb5 7. Bg2 Bb7 8.
O-O O-O 9. Rb1 Bc6 10. d3 Ra4 11. e4 d5 12. e5 Nfd7 13. d4 Rc4 14. Qd3 h6 15. g4
Qe8 16. Bd2 Na6 17. Rb3 Nb6 18. h4 Bd7 19. h5 c5 20. g5 cxd4 21. Bb4 Nxb4 22.
axb4 hxg5 23. Nxg5 f5 24. exf6 Qxh5 25. f7+ Rxf7 26. Nxf7 Kxf7 27. Qg3 e5 28.
Rf3+ Kg8 29. Re1 e4 30. Rf4 d3 31. Qe3 d4 32. Qxe4 d2 33. Rf1 d1=Q 34. Rxd1
Qxd1+ 35. Kh2 d3 36. Qe3 Qh5+ 37. Kg1 Rxf4 38. Qxf4 Nc4 39. Qd4 d2 0-1

[Event "33rd Leon Blitz Open 2020"]
[Site "chess.com INT"]
[Date "2020.07.14"]
[Round "7"]
[White "Kobalia, Mikhail"]
[Black "Motylev, Alexander"]
[Result "1-0"]
[WhiteTitle "GM"]
[BlackTitle "GM"]
[WhiteElo "2614"]
[BlackElo "2641"]
[WhiteFideId "4119150"]
[BlackFideId "4121830"]
[EventDate "2020.07.14"]
[EventType "blitz"]

1. e4 d6 2. d4 Nf6 3. Nc3 g6 4. Be3 a6 5. Nf3 b5 6. Bd3 Bb7 7. a3 Bg7 8. h3 c5
9. dxc5 dxc5 10. Bxc5 Qc7 11. Be3 Nc6 12. O-O O-O 13. Qe2 Rfd8 14. Rfd1 Nh5 15.
Nd5 Qb8 16. c3 e6 17. Nb6 Ra7 18. Bc2 Re8 19. Nd7 Qa8 20. Rd2 Na5 21. Rad1 Bc6
22. Bxa7 Qxa7 23. Nde5 Qb8 24. Nxc6 Nxc6 25. Qe3 Nf6 26. Rd6 Rc8 27. Bb3 Bf8 28.
R6d2 a5 29. e5 Nh5 30. g4 Ng7 31. Rd7 b4 32. Qf4 Be7 33. Ba4 Kf8 34. Bxc6 Rxc6
35. Ng5 Qe8 36. Rd8 1-0

[Event "33rd Leon Blitz Open 2020"]
[Site "chess.com INT"]
[Date "2020.07.14"]
[Round "7"]
[White "Pandey, Srishti"]
[Black "Serreau, David"]
[Result "1-0"]
[WhiteTitle "WFM"]
[BlackTitle "CM"]
[WhiteElo "2026"]
[BlackElo "2155"]
[WhiteFideId "35093290"]
[BlackFideId "631957"]
[EventDate "2020.07.14"]
[EventType "blitz"]

1. d4 Nf6 2. c4 g6 3. Nc3 d5 4. Nf3 Bg7 5. h4 h5 6. cxd5 Nxd5 7. e4 Nxc3 8. bxc3
O-O 9. Be3 c5 10. Qd2 cxd4 11. cxd4 Bg4 12. Rb1 Nc6 13. d5 Na5 14. Nd4 Bd7 15.
Be2 Rc8 16. O-O b6 17. Rfc1 Rxc1+ 18. Rxc1 Qb8 19. Bf4 Be5 20. Bxe5 Qxe5 21. Qe3
Rc8 22. Rxc8+ Bxc8 23. Bb5 a6 24. Bf1 Qc7 25. e5 Nc4 26. Bxc4 Qxc4 27. d6 Kf8
28. Qh6+ Ke8 29. Qg5 exd6 30. exd6 Kf8 31. Qe7+ Kg7 32. Qe5+ Kh7 33. Nf3 Be6 34.
Ng5+ Kg8 35. Nxe6 fxe6 36. d7 1-0

[Event "33rd Leon Blitz Open 2020"]
[Site "chess.com INT"]
[Date "2020.07.14"]
[Round "7"]
[White "Melian, Juan Sebastian"]
[Black "Tanaka, Taira Tyler"]
[Result "1/2-1/2"]
[WhiteTitle "CM"]
[BlackTitle "CM"]
[WhiteElo "1950"]
[BlackElo "2107"]
[WhiteFideId "3706575"]
[BlackFideId "7002351"]
[EventDate "2020.07.14"]
[EventType "blitz"]

1. e4 c5 2. Nc3 Nc6 3. Nf3 g6 4. d4 cxd4 5. Nxd4 Bg7 6. Nde2 Nf6 7. g3 O-O 8.
Bg2 d6 9. h3 Rb8 10. Be3 b5 11. O-O Nd7 12. Rb1 a6 13. Nd5 Nc5 14. c3 Ne5 15.
Nd4 Bb7 16. Kh2 e6 17. Nb4 Qc7 18. f4 Nc4 19. Bg1 Ra8 20. Qe2 Qd7 21. Nd3 Nxd3
22. Qxd3 Rac8 23. Rf2 f5 24. Re1 e5 25. Nb3 fxe4 26. Bxe4 d5 27. Bg2 Qf5 28.
Bxd5+ Bxd5 29. Qxd5+ Kh8 30. fxe5 Qg5 31. Rxf8+ Rxf8 32. Bd4 Nd2 33. Be3 Qxe3
34. Rxe3 Nf1+ 35. Kg1 Nxe3 36. Qd6 Rf1+ 37. Kh2 Rf2+ 38. Kg1 Rf1+ 39. Kh2 Rf2+
40. Kh1 Rf1+ 41. Kh2 1/2-1/2

[Event "33rd Leon Blitz Open 2020"]
[Site "chess.com INT"]
[Date "2020.07.14"]
[Round "7"]
[White "Perrine, Dalton"]
[Black "Xu, Yuanyuan"]
[Result "1-0"]
[WhiteTitle "FM"]
[BlackTitle "WGM"]
[WhiteElo "2247"]
[BlackElo "2317"]
[WhiteFideId "2048434"]
[BlackFideId "8601089"]
[EventDate "2020.07.14"]
[EventType "blitz"]

1. d4 d5 2. c4 dxc4 3. e4 e5 4. Nf3 exd4 5. Bxc4 Nc6 6. O-O Be6 7. Bb5 Bc5 8. b4
Bb6 9. a4 a5 10. bxa5 Rxa5 11. Bb2 Nf6 12. Nxd4 Bxd4 13. Bxc6+ bxc6 14. Qxd4
Qxd4 15. Bxd4 Ke7 16. Rc1 Bd7 17. e5 Nd5 18. e6 fxe6 19. Bxg7 Rg8 20. Be5 Nb4
21. Bxc7 Rag5 22. Bg3 Nd3 23. Rc3 Ne5 24. f4 Rxg3 25. Rxg3 Rxg3 26. hxg3 Nd3 27.
a5 Bc8 28. a6 Nc5 29. a7 Bb7 30. a8=Q Bxa8 31. Rxa8 Kd6 32. Ra7 h6 33. Nc3 Nd3
34. Kf1 Kc5 35. Ke2 Kc4 36. Ra4+ Kxc3 37. Ra3+ Kc4 38. Rxd3 c5 39. Rd6 Kb3 40.
Rxe6 c4 41. f5 c3 42. f6 c2 43. Rc6 Kb2 44. f7 c1=Q 45. Rxc1 Kxc1 46. f8=Q 1-0

[Event "33rd Leon Blitz Open 2020"]
[Site "chess.com INT"]
[Date "2020.07.14"]
[Round "7"]
[White "Das, Arghyadip"]
[Black "Muradli, Mahammad"]
[Result "0-1"]
[WhiteTitle "IM"]
[BlackTitle "IM"]
[WhiteElo "2453"]
[BlackElo "2449"]
[WhiteFideId "5003610"]
[BlackFideId "13409301"]
[EventDate "2020.07.14"]
[EventType "blitz"]

1. e4 c5 2. Nf3 d6 3. d4 cxd4 4. Nxd4 Nf6 5. f3 e5 6. Nb3 Be6 7. c4 b5 8. cxb5
d5 9. exd5 Nxd5 10. Nc3 Bb4 11. Bd2 Bxc3 12. bxc3 Nd7 13. c4 N5f6 14. Bb4 Rc8
15. Rc1 e4 16. Nd4 Qb6 17. Nxe6 fxe6 18. Be2 exf3 19. gxf3 Kf7 20. Qd6 Qe3 21.
Qe7+ Kg6 22. Rc3 Qd4 23. Rd3 Qh4+ 24. Kd1 Qf2 25. Rd2 Kh6 26. Qd6 Qh4 27. Qg3
Qh5 28. Rg1 g6 29. Bc3 Rhd8 30. f4 Qf5 31. Qg5+ Kg7 32. Bd3 Qh3 33. Bxg6 Qf3+
34. Kc1 Qxc3+ 35. Bc2+ Kf8 36. Qg7+ Ke8 37. Re1 Nf8 38. Red1 Qa1+ 39. Bb1 Qc3+ 0-1

[Event "33rd Leon Blitz Open 2020"]
[Site "chess.com INT"]
[Date "2020.07.14"]
[Round "7"]
[White "Van Foreest, Jorden"]
[Black "Gabrielian, Artur"]
[Result "1-0"]
[WhiteTitle "GM"]
[BlackTitle "GM"]
[WhiteElo "2682"]
[BlackElo "2463"]
[WhiteFideId "1039784"]
[BlackFideId "4131002"]
[EventDate "2020.07.14"]
[EventType "blitz"]

1. d4 Nf6 2. Nf3 g6 3. Nbd2 Bg7 4. e4 d6 5. Bb5+ Nfd7 6. O-O O-O 7. c3 e5 8.
dxe5 Nxe5 9. Nxe5 dxe5 10. Nf3 Bg4 11. h3 Qxd1 12. Rxd1 Bxf3 13. gxf3 c6 14. Bc4
b5 15. Bb3 Na6 16. Be3 Rfd8 17. Rxd8+ Rxd8 18. a4 b4 19. Bc4 Nc7 20. cxb4 Bf8
21. Bxa7 Bxb4 22. a5 Ra8 23. Bb6 Na6 24. Rd1 Nc5 25. Rd8+ Rxd8 26. Bxd8 Nd7 27.
a6 Bc5 28. b4 Ba7 29. Be7 Kg7 30. Bg5 Kf8 31. Be3 Nb6 32. Bc5+ Ke8 33. Bb3 f6
34. Bg8 h6 35. Kf1 Kd8 36. Bf7 g5 37. Be6 h5 38. Ke2 h4 39. Kd3 Kc7 40. Be7 Nd7
41. Bxd7 Kxd7 42. Bxf6 Bxf2 43. Bxe5 Kc8 44. Bd4 Be1 45. Kc4 Kc7 46. Be3 1-0

[Event "33rd Leon Blitz Open 2020"]
[Site "chess.com INT"]
[Date "2020.07.14"]
[Round "7"]
[White "Pesotskiy, Mikhail"]
[Black "Klekowski, Maciej"]
[Result "0-1"]
[WhiteTitle "FM"]
[BlackTitle "GM"]
[WhiteElo "2245"]
[BlackElo "2506"]
[WhiteFideId "34164453"]
[BlackFideId "1132717"]
[EventDate "2020.07.14"]
[EventType "blitz"]

1. d4 d5 2. c4 c6 3. Nf3 Nf6 4. Nbd2 e6 5. e3 Nbd7 6. b3 Bd6 7. Bb2 O-O 8. Bd3
a5 9. O-O a4 10. Qc2 c5 11. cxd5 Nxd5 12. Bxh7+ Kh8 13. Bd3 Nb4 14. Qb1 a3 15.
Bc3 Nd5 16. Qc2 f5 17. Rac1 Nxc3 18. Qxc3 b6 19. Nc4 Bb8 20. Nce5 Nxe5 21. Nxe5
Bxe5 22. dxe5 Bb7 23. Be2 Qg5 24. f3 Rad8 25. Rfd1 Rd5 26. Rxd5 Bxd5 27. Rd1 Kh7
28. g3 Rd8 29. f4 Qe7 30. Rd2 Ba8 31. Qc1 Qb7 32. Bf1 Qh1+ 33. Kf2 Qxh2+ 34. Ke1
Qxg3+ 35. Rf2 Bf3 36. Be2 Be4 37. Qc3 Rd5 38. Bf1 b5 39. Bxb5 g5 40. fxg5 f4 41.
Bf1 fxe3 0-1

[Event "33rd Leon Blitz Open 2020"]
[Site "chess.com INT"]
[Date "2020.07.14"]
[Round "7"]
[White "Flores Quillas, Diego Saul Rodri"]
[Black "Chan, Yi Ren Daniel"]
[Result "0-1"]
[WhiteTitle "FM"]
[BlackTitle "FM"]
[WhiteElo "2245"]
[BlackElo "2316"]
[WhiteFideId "3822508"]
[BlackFideId "5801583"]
[EventDate "2020.07.14"]
[EventType "blitz"]

1. e4 d6 2. d4 Nf6 3. Nc3 g6 4. f4 Bg7 5. Nf3 c5 6. dxc5 Qa5 7. Qd4 Nc6 8. Bb5
O-O 9. Qa4 Qxa4 10. Bxa4 dxc5 11. e5 Nd7 12. Be3 a6 13. Bxc6 bxc6 14. Ne4 Rb8
15. O-O-O f6 16. exf6 Nxf6 17. Nxf6+ Bxf6 18. c3 Be6 19. a3 Rb5 20. Rd2 Rfb8 21.
Rhd1 Bxc3 22. Rd8+ Kg7 23. bxc3 Rb1+ 24. Kd2 Rxd8+ 25. Bd4+ Rxd4+ 26. cxd4 Rb2+
27. Ke3 Rxg2 28. dxc5 Bd5 29. Rb1 Ra2 30. Ne5 Rxa3+ 31. Kf2 Ra2+ 32. Kg3 h5 33.
Rb7 Kf6 34. Nd7+ Kf5 35. Nb6 Rg2+ 36. Kh3 Re2 37. Kg3 h4+ 38. Kxh4 Kxf4 39. Kh3
Be6+ 0-1

[Event "33rd Leon Blitz Open 2020"]
[Site "chess.com INT"]
[Date "2020.07.14"]
[Round "7"]
[White "Panda, Vedic"]
[Black "Zvereva, Margarita"]
[Result "1-0"]
[BlackTitle "WFM"]
[WhiteElo "2069"]
[BlackElo "1929"]
[WhiteFideId "30903416"]
[BlackFideId "34177741"]
[EventDate "2020.07.14"]
[EventType "blitz"]

1. e4 c5 2. Nf3 d6 3. Bb5+ Nd7 4. O-O Nf6 5. Re1 a6 6. Bf1 g6 7. c3 Bg7 8. d4
cxd4 9. cxd4 O-O 10. a4 e6 11. Nc3 b6 12. Qb3 Bb7 13. Bf4 d5 14. e5 Ne8 15. Bg5
f6 16. exf6 Bxf6 17. h4 Ng7 18. Ne2 Bxg5 19. hxg5 Qe7 20. Rac1 Rac8 21. Rxc8
Bxc8 22. Nc3 Qd6 23. Bd3 Nb8 24. Ne5 Nc6 25. Qxb6 Bd7 26. Bxa6 Nf5 27. Nxd7 Qxd7
28. Bb5 Rc8 29. Ne2 Nd6 30. Nf4 Nxb5 31. axb5 Nb4 32. Nxe6 Qf7 33. Nc5 Rf8 34.
Qe6 Qxe6 35. Rxe6 Nc2 36. b6 Nxd4 37. Rd6 Nb5 38. Rxd5 Rb8 39. b7 Na7 40. Rd7
Nc6 41. Rc7 Na5 42. Rc8+ 1-0

[Event "33rd Leon Blitz Open 2020"]
[Site "chess.com INT"]
[Date "2020.07.14"]
[Round "7"]
[White "Aditya, Mittal"]
[Black "Riehle, Marco"]
[Result "1-0"]
[WhiteTitle "IM"]
[BlackTitle "FM"]
[WhiteElo "2438"]
[BlackElo "2347"]
[WhiteFideId "35042025"]
[BlackFideId "12904392"]
[EventDate "2020.07.14"]
[EventType "blitz"]

1. d4 d5 2. c4 e6 3. Nc3 c5 4. cxd5 cxd4 5. Qxd4 Nc6 6. Qd1 exd5 7. e3 Nf6 8.
Nf3 Bd6 9. Be2 O-O 10. O-O Bf5 11. Nb5 Bb8 12. Nbd4 Bg6 13. b3 Bd6 14. Bb2 Rc8
15. Rc1 Bb8 16. a3 Ne4 17. b4 Qd6 18. g3 Rfd8 19. Kg2 Nf6 20. Nxc6 bxc6 21. Be5
Qd7 22. Bxb8 Rxb8 23. Ne5 Qe6 24. Nxc6 Bf5 25. Nxd8 Rxd8 26. Re1 Ne4 27. Bf3 Ng5
28. Kg1 Nxf3+ 29. Qxf3 Be4 30. Qe2 Qf5 31. f4 h5 32. Red1 Re8 33. Qf2 Qg4 34.
Rd2 Re6 35. Qe2 Bf3 36. Qf2 h4 37. Kf1 Qg5 38. fxg5 Be4 39. Qf4 hxg3 40. Rc8+
Kh7 41. hxg3 Kg6 42. Rh2 f5 43. Qh4 Kf7 44. Rc7+ Ke8 45. Qh8# 1-0

[Event "33rd Leon Blitz Open 2020"]
[Site "chess.com INT"]
[Date "2020.07.14"]
[Round "7"]
[White "Rustemov, Alexander"]
[Black "Bethke, Richard"]
[Result "1/2-1/2"]
[WhiteTitle "GM"]
[BlackTitle "FM"]
[WhiteElo "2525"]
[BlackElo "2332"]
[WhiteFideId "4119002"]
[BlackFideId "12959243"]
[EventDate "2020.07.14"]
[EventType "blitz"]

1. d4 Nf6 2. Nf3 d5 3. c4 e6 4. Nc3 Be7 5. Bg5 h6 6. Bh4 O-O 7. e3 b6 8. Bd3
dxc4 9. Bxc4 Bb7 10. O-O Nbd7 11. Qe2 c5 12. Rfd1 Ne4 13. Nxe4 Bxe4 14. Bg3 Qc8
15. Rac1 Qc6 16. Bb5 Qb7 17. Bxd7 Qxd7 18. dxc5 Qb7 19. cxb6 axb6 20. a3 Rac8
21. h3 Bf6 22. Ne1 Rxc1 23. Rxc1 Rc8 24. Rxc8+ Qxc8 25. Qd2 Qc4 26. Bd6 Qb3 27.
f3 Bb7 28. Nd3 Qd5 29. Bb4 Ba6 30. Ne1 Qxd2 31. Bxd2 Bxb2 32. Bb4 f6 33. Kf2 Kf7
34. g4 e5 35. h4 g5 36. hxg5 hxg5 37. e4 Bd4+ 38. Kg3 Bc4 39. Bd2 Bc5 40. Bc1
Ke6 41. Ng2 Bf1 42. Ne3 Bxe3 43. Bxe3 b5 44. Kf2 Bc4 45. Bd2 Kd6 46. Ba5 Ke6 47.
Ke3 Kf7 48. Kd2 Ke6 49. Bd8 Kf7 50. Bb6 Ke6 51. Be3 Kf7 1/2-1/2